Karnataka tax on professions trades callip and employments act 1976 (Record no. 174516)
[ view plain ]
| 000 -LEADER | |
|---|---|
| fixed length control field | 00444nam a2200133Ia 4500 |
| 008 - FIXED-LENGTH DATA ELEMENTS--GENERAL INFORMATION | |
| fixed length control field | 210423s1978 xx 000 0 und d |
| 082 ## - DEWEY DECIMAL CLASSIFICATION NUMBER | |
| Classification number | 340 GOVK |
| 245 ## - TITLE STATEMENT | |
| Title | Karnataka tax on professions trades callip and employments act 1976 |
| 260 ## - PUBLICATION, DISTRIBUTION, ETC. | |
| Place of publication, distribution, etc. | Karnataka |
| Name of publisher, distributor, etc. | Government Of Karnataka |
| Date of publication, distribution, etc. | 1978 |
| 300 ## - PHYSICAL DESCRIPTION | |
| Extent | 1,81 |
| Other physical details | BP |
| 650 ## - SUBJECT ADDED ENTRY--TOPICAL TERM | |
| Topical term or geographic name entry element | Law |
| 650 ## - SUBJECT ADDED ENTRY--TOPICAL TERM | |
| Topical term or geographic name entry element | Social Sciences |
| 906 ## - LOCAL DATA ELEMENT F, LDF (RLIN) | |
| a | 1976 ; act ; callip ; employments ; Karnataka ; professions ; tax ; trades |
| Withdrawn status | Lost status | Damaged status | Not for loan | Collection code | Home library | Current library | Date acquired | Total Checkouts | Full call number | Barcode | Date last seen | Price effective from | Koha item type |
|---|---|---|---|---|---|---|---|---|---|---|---|---|---|
| MSW | St Aloysius PG Library | St Aloysius PG Library | 11/24/2006 | 340 GOVK | PG021199 | 08/24/2022 | 04/26/2021 | Book |